01025nam a2200241 a 450000100100000000500170001000800410002704000250006808200240009324500510011725000120016826001090018030000270028949000260031659000270034265000610036965000450043071000990047583000330057491000370060795201220064499900170076600002687620200930030450.0110328s1982 dr a 001 0 spa d aDO-SdBNPbspacBNPHU a331.88bT355b, 198200aTextos básicos para la educación sindical. a2ª ed. aSanto Domingo :bSecretaría de Educación ObrerabUnión General de Trabajadores Dominicanos,c1982. a92 p. :bil. ;c26 cm. aCuadernos U. G. T. D. aInventariado, 32018/VM 4aSindicalismozRepública DominicanaxEnseñanza953988 4aSindicatoszRepública Dominicana973182 aUnión General de Trabajadores Dominicanos (UGTD).bSecretaría de Educación Obrera953989 0aCuadernos U. G. T. D.953990 aValidado. Control de calidad EMS 0010718PDaPDbPDcHDd2011-03-28iLF1l0o331.88 T355b, 1982p26876-10r2020-06-25w2020-06-25yLFPDZNo se presta c26368d26368